• 首页
  • 本馆介绍
  • 公告通知
  • 最新文献
  • 馆藏检索
  • 电子资源
  • 读者导购
  • 参考咨询
  • 我的图书馆
  • 登录
  • 详细信息显示
  • 放入我的书架
  • 预约/预借图书
  • 作者相关作品
  • 分类相关作品
  • 丛书相关作品
  • 出版社相关作品

书目信息

  • 表格格式
  • 工作单格式
  • 卡片格式
题名:
马克思与《资本论》
    
 
作者: 徐杰 , 陈乃圣 著
分册:  
出版信息: 济南   山东人民出版社  1985
页数: 393页
开本: 20cm
丛书名: 《资本论》研究丛书
单 册:
中图分类: A715
科图分类:
主题词: 马克思--评价 , 马克思--研究
电子资源:
ISBN:
000 00758nam2 2200277 45
001 0185000478
005 20050517154107.1
010    @dCNY2.70
091    @a4099.520
100    @a19901005d1985 em y0chiy0121 ea
101 0  @achi
102    @aCN@b370000
105    @ay z 000yy
200 10 @a马克思与《资本论》@Ama ke si yu 《 zi ben lun 》@f徐杰, 陈乃圣著@FXu Jie,Chen Nai Sheng Zhu
210    @a济南@c山东人民出版社@d1985
215    @a393页@d20cm
225 2  @a《资本论》研究丛书
410  0 @120010@a《资本论》研究丛书
606 0  @a马克思@x评价
606 0  @a马克思@x研究
690    @aA715@v3
701  0 @a徐杰@4著
701  0 @a陈乃圣@4著
801  0 @aCN@b深圳图书馆@c20040422
801  2 @aCN@bNLC@c20040422
905    @dA715@e45@f1@b153256
    
    马克思与《资本论》/徐杰, 陈乃圣著.-济南:山东人民出版社,1985
    393页;20cm.-(《资本论》研究丛书)
    
    
    ISBN :CNY2.70
    
●
相关链接 在E读中查询图书 在五车中查询图书 在当当中查询图书 在豆瓣中查询图书


正题名:马克思与《资本论》     索取号:A715/45         预约/预借

序号 登录号 条形码 馆藏地/架位号 状态 备注
1 0153254   000955470   第一借阅区/ [索取号:A715/45] 在馆    
2 0153255   000955540   第一借阅区/ [索取号:A715/45] 在馆    
3 0153256   000955586   第一样本阅览室/ [索取号:A715/45] 在馆    
唐山师范学院图书馆 欢迎您!
大连网信软件有限公司© 版权所有